000
00260nam a2200109Ia 4500
008
200302s9999 xx 000 0 und d
100
_a
Walter Bor
245
_a
The Making of Cities
260
_b
Leonard Hill Books Published
260
_c
1974
300
_a
256 P.,
999
_c
5675
_d
5675